Le seul pays restant - Statistiques

Statistiques générales
  • Ce quiz a été pris 2 058 fois
  • Le résultat moyen est 49 sur 196
Réponses sur la Carte
Les réponses sont colorées sur une échelle allant du rouge au vert en fonction du pourcentage des utilisateurs qui les ont devinées à leur premier essai. Vous pouvez retrouver ces pourcentages ci-dessous.
 
Statistiques - réponses
Le seul pays restant... Pays % Correct
à avoir plus d'un pape par kilomètre carré Vatican
98%
commençant par la lettre Y Yémen
72%
à avoir quitté l'UE Royaume-Uni
67%
à avoir un drapeau qui n'est pas un quadrilatère Népal
65%
à avoir plus d'un milliard d'habitants Inde
61%
à avoir gagné 5 Coupes du monde de football Brésil
60%
plus petit que le cinquième arrondissement de Paris Monaco
59%
complètement entouré par la Méditerranée Malte
58%
à avoir un drapeau carré Suisse
56%
traversé par les Pyrénées Andorre
55%
à être frontalier de 14 pays Russie
54%
à avoir une plus grande superficie que les États-Unis Canada
53%
qui a vu naître plus de Papes que la France Italie
53%
enclavé en Amérique Paraguay
52%
à avoir le droit de véto au Conseil de sécurité des Nations unies États-Unis
51%
à exercer une souveraineté sur tous les continents France
50%
à commencer par un U en anglais, mais par un O en français Ouganda
49%
à avoir obtenu son indépendance de l'Éthiopie Érythrée
48%
à avoir une ville qui a accueilli les JO d'hiver et d'été Chine
47%
à avoir une tour de plus de 800 mètres de hauteur Émirats Arabes Unis
46%
à porter le même nom qu'un État des États-Unis Géorgie
46%
commençant par la lettre Q Qatar
46%
traversé par l'Himalaya Bhoutan
45%
commençant par la lettre O Oman
45%
à avoir une capitale commençant par la lettre E Arménie
44%
à avoir un grand tour cycliste Espagne
43%
à avoir une frontière terrestre avec le Royaume-Uni Irlande
43%
à avoir une ville considérée comme capitale de l'Union Européenne Belgique
42%
à avoir un drapeau contenant une carte de son territoire Chypre
42%
à commencer par la lettre U Uruguay
41%
à avoir gagné la coupe du monde de rugby (à XV) Australie
40%
à avoir plusieurs capitales officielles (sur JetPunk) Bolivie
40%
à contenir le mot "Nord" Macédoine du Nord
40%
de la péninsule ibérique Portugal
40%
à avoir obtenu son indépendance après 2010 Soudan du Sud
40%
à être une principauté Liechtenstein
39%
à avoir un nom contenu dans celui de trois autres pays Guinée
38%
reconnu par la France, mais pas par l'ONU Kosovo
38%
entièrement enclavé dans un seul pays Lesotho
38%
à commencer par la lettre Z Zimbabwe
38%
à avoir participé à plus de 15 finales de Ligue des Champions Allemagne
37%
européen à majorité musulmane Albanie
35%
à commencer par la lettre J Jordanie
35%
à avoir une frontière terrestre avec la France Suriname
35%
à commencer par la lettre H Honduras
34%
à avoir fait partie de l'Empire inca Pérou
34%
à ne pas reconnaître Chypre Turquie
34%
à avoir un bâtiment réel sur son drapeau Cambodge
33%
à avoir rejoint l'Union Européenne après 2010 Croatie
33%
à avoir une métropole francophone de plus de 10 millions d'habitants République Démocratique du Congo
33%
à avoir remporté la Coupe du monde de la FIFA au XXIe siècle Argentine
32%
sans moustique Islande
32%
à avoir un indice de démocratie supérieur à 9.0 sans être en Europe Nouvelle-Zélande
32%
de la corne de l'Afrique Somalie
32%
à avoir remporté 7 fois l'Eurovision Suède
32%
à avoir démantelé volontairement son système d'armes nucléaires Afrique du Sud
31%
à commencer par la lettre D Djibouti
31%
à avoir l'embouchure d'un fleuve de plus de 5 000km de long Égypte
31%
d'Amérique du Sud Guyana
31%
américain avec le français comme langue officielle Haïti
31%
à avoir fait partie de l'Indochine française Laos
31%
à être à la fois en Asie et sur la Méditerranée Liban
31%
à n'avoir ni bleu, ni blanc, ni rouge sur son drapeau Jamaïque
30%
à avoir une agglomération de plus de 35 millions d'habitants Japon
30%
à être un grand duché Luxembourg
30%
à avoir une montagne de plus de 8 000 mètres sur son territoire Pakistan
30%
à avoir une capitale contenant plus de vingt lettres Sri Lanka
29%
non reconnu par l'ONU Taïwan
29%
d'Océanie avec le français comme langue officielle Vanuatu
29%
non reconnu par la France Corée du Nord
28%
doublement enclavé (enclavé par des pays eux-mêmes enclavés) Ouzbékistan
28%
sur l'île d'Hispaniola République Dominicaine
28%
à avoir du territoire sur le cercle polaire arctique Finlande
27%
commençant par la lettre K Kirghizistan
27%
à avoir une arme à feu moderne sur son drapeau Mozambique
27%
en -stan Afghanistan
26%
sur l'île de Bornéo Brunei
26%
en cinq mots Saint-Vincent-et-les- Grenadines
26%
à être bordé par la Méditerranée Tunisie
26%
à commencer par 2 voyelles Autriche
25%
à être un pays du Caucase Azerbaïdjan
25%
à avoir un outre-mer plus vaste que sa métropole Danemark
25%
parmi les 12 premiers États de l'Union Européenne Grèce
25%
insulaire avec plusieurs frontières avec différents pays Indonésie
25%
à avoir adopté un drapeau exclusivement vert Libye
25%
à avoir une densité de population inférieure à 3 habitants / km² Mongolie
25%
à être insulaire en Asie Philippines
25%
à avoir une densité de population supérieure à 5000 habitants / km² Singapour
25%
membre de l'OPEP, hors Afrique et Asie Venezuela
25%
à avoir une langue officielle utilisant les hanja Corée du Sud
24%
à avoir détenu le record du monde du marathon Kenya
24%
à contenir la lettre X Mexique
24%
de plus de 200 millions d'habitants Nigeria
24%
à être communiste Cuba
23%
de la Péninsule arabique Koweït
23%
à être un pays balte Lituanie
23%
traversé par le Sahara Niger
23%
à avoir plus de 100 000 îles Norvège
23%
à avoir une superficie inférieure à 100km² Saint-Marin
23%
à revendiquer un territoire en Antarctique Chili
22%
à être membre de l'Union du Maghreb arabe Mauritanie
22%
à avoir un drapeau bicolore à 2 bandes horizontales Ukraine
22%
qui a un littoral de moins de 25km Bosnie-Herzégovine
20%
commençant par la lettre N Nicaragua
20%
dont la capitale a un nom (officiel en langue nationale) de plus de 150 caractères Thaïlande
20%
à avoir un drapeau avec l'Union Jack Tuvalu
20%
à être l'un des 100 prénoms les plus portés en France Dominique
19%
non colonisé par les européens Éthiopie
19%
contenu dans le titre d'une chanson de Clara Luciani Grenade
19%
membre des BRICS+ Iran
19%
africain à avoir remporté un Ballon d'or Liberia
19%
à avoir un drapeau composé à plus de 98% d'une seule couleur Maroc
19%
à avoir un drapeau composé de 4 bandes de couleurs différentes Maurice
19%
à avoir une capitale commençant par la lettre W Namibie
19%
à commencer par la lettre P Panama
19%
à ne pas être dans l'Union européenne, mais à être européen Biélorussie
18%
à être bordé par le Pacifique et l'Atlantique Costa Rica
18%
dans le top 10 du tableau des médailles des JO de Paris 2024 Pays-Bas
18%
qui a un type-ins (réponse correcte sur Jetpunk) identique à celui d'un autre pays République du Congo
18%
à avoir des humains sur son drapeau Belize
17%
à être le lieu de naissance d'un champion du monde de football 2018 Cameroun
17%
à avoir une capitale à plus de 2 000m d'altitude Colombie
17%
à utiliser l'euro, mais n'étant pas dans l'Union Européenne Monténégro
17%
sans capitale officielle Nauru
17%
à avoir plus de 800 langues parlées Papouasie-Nouvelle- Guinée
17%
à représenter plus de 5% de la communauté jetpunkienne Pologne
17%
sans A, ni E, ni I Togo
17%
organisateur (passé ou futur) d'une Coupe du monde de football Arabie Saoudite
16%
insulaire à avoir des frontières par pont Bahreïn
16%
à avoir du territoire sur le désert du Kalahari Botswana
16%
membre de la Ligue arabe et insulaire Comores
16%
à ne contenir que des lettres parmi les 10 premières de l'alphabet Fidji
16%
à porter le nom d'un saint (ou son équivalent dans une autre langue) Sainte-Lucie
16%
à avoir fait partie de l'URSS Tadjikistan
16%
à avoir été trouvé par au moins de 90 % des utilisateurs de JetPunk Algérie
15%
à avoir un accès à l'Océan Indien Birmanie
15%
commençant par la lettre G Ghana
15%
à porter exactement le même nom que sa capitale Guatemala
15%
à avoir 4 consonnes consécutives dans son nom Kazakhstan
15%
en 4 lettres Mali
15%
dont le nom contient une apostrophe Côte d'Ivoire
14%
situé sur les hémisphère Nord, Sud, Est et Ouest Kiribati
14%
à avoir un drapeau avec plus de 10 bandes Malaisie
14%
à ne pas être insulaire en Amérique Salvador
14%
parmi les 20 pays les plus vastes du monde Soudan
14%
à avoir une frontière avec un autre pays de moins d'1km Zambie
14%
à avoir du territoire sur l'Équateur Gabon
13%
en Océanie Îles Salomon
13%
à avoir du territoire sur l'une des 20 plus grandes îles du monde Madagascar
13%
commençant par la lettre M Malawi
13%
à avoir remporté le Tour de France (masculin ou féminin) Slovénie
13%
commençant par 3 consonnes Tchad
13%
dont le point le plus au nord est au sud du Tropique du Capricorne Eswatini
12%
ayant été un Territoire sous tutelle des îles du Pacifique Îles Marshall
12%
pris en sandwich (enclavé entre 2 pays) Moldavie
12%
à avoir été colonisé par la Belgique Rwanda
12%
à revendiquer une souveraineté sur l'entièreté du territoire d'un autre Serbie
12%
à commencer par la lettre T Trinité-et-Tobago
12%
en Europe Bulgarie
11%
à être insulaire Cap-Vert
11%
à contenir le nom d'un autre pays Guinée Équatoriale
11%
à avoir obtenu plus de 10 prix Nobel Hongrie
11%
à avoir un point culminant inférieur à 10m au-dessus du niveau de la mer Maldives
11%
à avoir été trouvé par moins de 20 % des utilisateurs de JetPunk (sur le quiz Pays du Monde en français) Palaos
11%
à avoir remporté la Ligue des Champions (ou l'un de ses ancêtres) Roumanie
11%
à avoir une densité de population supérieure à 1 000 habitants / km² Bangladesh
10%
traversé par le méridien de Greenwich Burkina Faso
10%
à avoir plusieurs fuseaux horaires Équateur
10%
à ne pas avoir d'accès à Netflix Syrie
10%
à avoir le shilling comme monnaie officielle Tanzanie
10%
à border l'un des 5 plus grands lacs du monde (en superficie) Turkménistan
10%
parmi les 5 plus gros producteurs de café Viêt Nam
10%
à contenir l'un des 4 points cardinaux dans son nom Estonie
9%
à avoir une frontière avec un seul pays Gambie
9%
à avoir organisé les Jeux Paralympiques d'été, mais pas les Jeux Olympiques Israël
9%
à avoir une capitale en 4 lettres Lettonie
9%
à avoir obtenu son indépendance après 1991 Slovaquie
9%
à avoir été visité par Astérix Irak
8%
à être enclavé République Centrafricaine
8%
en 4 mots Sao Tomé-et-Principe
8%
à contenir la lettre Y Seychelles
8%
à être situé dans l'hémisphère sud Angola
7%
à ne contenir qu'une seule île Barbade
7%
à contenir le nom de sa capitale Guinée-Bissau
7%
à avoir participé à une Coupe du monde de rugby Tonga
7%
à être traversé par le Tropique du Cancer Bahamas
6%
à avoir été visité par Tintin République Tchèque
6%
à être situé dans l'hémisphère ouest Sénégal
6%
en plusieurs mots Sierra Leone
6%
à avoir moins de 250km de frontières au total Timor Oriental
6%
à être sur Terre Bénin
5%
à avoir un type-ins (réponse correcte sur Jetpunk) en 3 lettres États Fédérés de Micronésie
5%
dont la capitale est l'homophone d'une préfecture de département français Saint-Christophe- et-Niévès
5%
hors d'Afrique Antigua-et-Barbuda
4%
à avoir un drapeau Vert-Blanc-Rouge Burundi
4%
à avoir un drapeau Bleu-Blanc-Rouge Samoa
4%
Aucun quiz correspondant
Distribution des résultats
% des personnes avec chaque résultat
Percentile par nombre de réponses
Votre historique - résultats
Vous n’avez pas pris ce quiz